000 00645nam a22002297a 4500
001 32369
003 UA-OsUOA
005 20220703203744.0
007 ta
008 20050201b un ||||| |||| 00| 0 ukr d
040 _aUA-OsUOA
_brus
_cUA-OsUOA
_dUA-OsUOA
041 _arus
044 _aRU
080 _a821.411.21
090 _a821.411.21
_bА79
245 _aАрабская поэзия средних веков
_cсост. И. Фильштинский
260 _aМосква
_bХудожественная литература
_c1975
300 _a768 с.
_bІлюстрації
650 7 _2UDC
942 _cBK
_2udc
955 _a0
999 _c318811
_d318811